[Event "Aarhus Festuge-A"]
[Site "Aarhus"]
[Date "2020.09.11"]
[Round "1"]
[White "Lesner, Joen"]
[Black "Kistrup, Nicolai"]
[Result "1-0"]
[WhiteElo "1762"]
[BlackElo "2146"]
[PlyCount "79"]
[EventDate "2020.09.11"]
[EventType "swiss"]
[EventRounds "5"]
[EventCountry "DEN"]
[SourceTitle "EXT 2022"]
[Source "ChessBase"]
[SourceDate "2021.10.06"]
[SourceVersion "1"]
[SourceVersionDate "2021.10.06"]
[SourceQuality "1"]

1. d4 Nf6 2. Bg5 Ne4 3. Bf4 c5 4. f3 Qa5+ 5. c3 Nf6 6. d5 e6 7. e4 exd5 8. exd5 d6 9. Na3 Be7 10. Nc4 Qd8 11. Ne3 Nh5 12. Bg3 Bh4 13. Qa4+ Nd7 14. Qxh4 Ndf6 15. Bb5+ Kf8 16. 0-0-0 a6 17. Bd3 h6 18. Bf5 b5 19. Bxc8 Rxc8 20. Nf5 Nxg3 21. Qxg3 Ne8 22. Re1 g6 23. Ne7 Rc7 24. Nc6 Qg5+ 25. Qxg5 hxg5 26. Nh3 Nf6 27. Nxg5 Nxd5 28. Nd8 Nf4 29. Rd1 Rh5 30. Ngxf7 Rxf7 31. Nxf7 Kxf7 32. Rxd6 Nxg2 33. Rxa6 Nf4 34. Rd1 Rxh2 35. Rd7+ Ke8 36. Rb7 Nd3+ 37. Kb1 Rh1+ 38. Kc2 Ne1+ 39. Kd2 Nxf3+ 40. Ke3 1-0

[Event "Portoroz op 11th"]
[Site "Portoroz"]
[Date "2017.07.27"]
[Round "7"]
[White "Logar, Metod"]
[Black "Lesner, Joen"]
[Result "1-0"]
[WhiteElo "2024"]
[BlackElo "1807"]
[PlyCount "85"]
[EventDate "2017.07.22"]
[EventType "swiss"]
[EventRounds "9"]
[EventCountry "SLO"]
[SourceTitle "EXT 2020"]
[Source "ChessBase"]
[SourceDate "2019.10.17"]
[SourceVersion "1"]
[SourceVersionDate "2019.10.17"]
[SourceQuality "1"]

1. e4 c5 2. Nf3 e6 3. d4 cxd4 4. Nxd4 Nc6 5. Nc3 Nf6 6. Ndb5 Bb4 7. a3 Bxc3+ 8. Nxc3 d5 9. exd5 exd5 10. Bg5 d4 11. Qe2+ Kf8 12. 0-0-0 h6 13. Bh4 g5 14. Bg3 a6 15. h4 Qa5 16. Nb1 Bg4 17. f3 Bf5 18. hxg5 d3 19. Rxd3 Bxd3 20. Qxd3 Qxg5+ 21. f4 Qd5 22. Nc3 Qxd3 23. Bxd3 Re8 24. Bh4 Kg7 25. g4 Nd4 26. Bf2 Rd8 27. Rg1 Ne6 28. Bh4 Rd4 29. Ne2 Rd6 30. Ng3 Rxd3 31. Bxf6+ Kxf6 32. Nh5+ Ke7 33. cxd3 Rd8 34. Re1 Kd6 35. Re4 Rc8+ 36. Kd2 Nc5 37. Rd4+ Ke7 38. Rc4 Kd8 39. b4 Nd7 40. Ke3 Rb8 41. Ke4 b5 42. Rc6 Ra8 43. Rxh6 1-0